| 000 | 01310 a2200217 4500 | ||
|---|---|---|---|
| 001 | 57709 | ||
| 005 | 20260407155836.0 | ||
| 008 | 260407a2003 arg spa d | ||
| 003 | AR-UNSa-BCEJYS | ||
| 040 |
_aAR-UNSa-BCEJYS _bspa _cAR-UNSa-BCEJYS |
||
| 080 |
_a343.2 _xDerecho penal |
||
| 245 | 1 | 0 |
_aResponsabilidad limitadas _pactores, conflictos y justicia penal |
| 020 | _a950-894-384-X | ||
| 264 | 1 |
_aBuenos Aires : _bAD-HOC _c2003 |
|
| 300 |
_a319 p. _c23 cm. |
||
| 505 | _a1. Procesos y productos del control social. Uso y abuso de un concepto - 2. Estudiando la "cuestión criminal". El objeto de la criminología y la responsabilidad de los criminólogos - 3. Investigaciones radicales, políticas "no fundadas" - 4. ¿Mejor los jinetes que los caballos? El uso del potencial simbólico de la justicia penal por parte de los actores en conflicto - 5. La cuestión de la desviación juvenil - 6. Responsabilidad penal y enfermedad mental. Justicia penal y psiquiatría reformada en Italia - 7. De la opresión a la victimización. El debate sobre la ley Merlin - 8. De la victimización a la autonomía. Las mujeres, el feminismo y la ley sobre la violación - 9. Una política de la soberanía | ||
| 041 | _aspa | ||
| 942 | _cBK | ||
| 590 | _aniveau_biblio:m niveau_hierar:0 | ||
| 100 | 1 | _aPitch, Tamar | |
| 999 |
_c6233 _d6233 |
||